000 01028nam a2200289 a 4500
003 MX-MxUPN
005 20260410133244.0
007 cr |||aaaaaaa|
008 260407s2023 ck| ||||o ||| 000 0 spa d
020 _a9786287518698
040 _aMX-MxUPN
_bspa
_eaacr2
041 0 _aspa
050 1 4 _aJC495
100 1 _aAtehortúa, Adolfo
_958920
100 1 _aCordero Fernández, María Macarena
_959217
100 1 _aMarimón, Martín
_959218
245 1 0 _aRegímenes políticos en América del Sur, 1955-1975
_h[recurso electrónico en línea]
250 _aPrimera edición
260 _aBogotá, Colombia :
_bUniversidad Pedagógica Nacional, Unipe Editorial Universitaria, REDUCAR,
_c2023
300 _a1 recurso en línea (240 páginas) :
_bPDF
490 0 _aColección Educar en América Latina
506 0 _aAcceso abierto
650 4 _aDictadura
_xHistoria
_ySiglo XX
_zAmérica del Sur
_959239
856 4 0 _uhttp://hdl.handle.net/20.500.12209/18423
902 _aJohanaAllegre/070426
942 _2lcc
_cLIBRO-E
999 _c214921
_d214921